Kossuth egy újabb szabadságharc feltételeiről az 1860-as évek első felében
Elmentve itt :
| Szerző: | |
|---|---|
| Testületi szerző: | |
| Dokumentumtípus: | Könyv része |
| Megjelent: |
1995
|
| Sorozat: | Belvedere Meridionale kiskönyvtár
8 Kossuth Lajos halálának századik évfordulójára : Emlékülés a Juhász Gyula Tanárképző Főiskola Történettudományi Tanszékén 8 |
| Kulcsszavak: | Kossuth Lajos, Magyarország története - 19. sz. |
| Tárgyszavak: | |
| Online Access: | http://acta.bibl.u-szeged.hu/5419 |
| LEADER | 01032naa a2200229 i 4500 | ||
|---|---|---|---|
| 001 | acta5419 | ||
| 005 | 20211202140855.0 | ||
| 008 | 161015s1995 hu o 0|| hun d | ||
| 022 | |a 1217-3495 | ||
| 040 | |a SZTE Egyetemi Kiadványok Repozitórium |b hun | ||
| 041 | |a hun | ||
| 100 | 1 | |a Csorba László | |
| 245 | 1 | 0 | |a Kossuth egy újabb szabadságharc feltételeiről az 1860-as évek első felében |h [elektronikus dokumentum] / |c Csorba László |
| 260 | |c 1995 | ||
| 300 | |a 52-57 | ||
| 490 | 0 | |a Belvedere Meridionale kiskönyvtár |v 8 | |
| 490 | 0 | |a Kossuth Lajos halálának századik évfordulójára : Emlékülés a Juhász Gyula Tanárképző Főiskola Történettudományi Tanszékén |v 8 | |
| 650 | 4 | |a Bölcsészettudományok | |
| 650 | 4 | |a Történettudomány és régészet | |
| 695 | |a Kossuth Lajos, Magyarország története - 19. sz. | ||
| 710 | |a Kossuth Lajos halálának századik évfordulójára : emlékülés (1994) (Szeged) | ||
| 856 | 4 | 0 | |u http://acta.bibl.u-szeged.hu/5419/1/belvedere_kk_008_052-057.pdf |z Dokumentum-elérés |